| 000 | 00806nam a2200289 4500 | ||
|---|---|---|---|
| 003 | OSt | ||
| 005 | 20260601170959.0 | ||
| 008 | 260507b2009\\\\|||o||||\||||\001\0\eng\d | ||
| 020 | _a2940373760 | ||
| 020 | _a9782940373765 | ||
| 040 |
_aICI _bspa _cICI |
||
| 050 |
_aNK1520 _bB73 |
||
| 100 | 1 |
_aBramston, David _931087 |
|
| 245 | 1 |
_aIdea Searching: _bBasics Product Design |
|
| 264 |
_bAVA • Academia _c2009 _aEstados Unidos |
||
| 300 | _a176 páginas | ||
| 336 |
_atexto _2rdacontent |
||
| 337 |
_asin medio _2rdamedia |
||
| 338 |
_avolumen _2rdacarrier |
||
| 650 |
_aDiseño industrial _915218 |
||
| 650 | _aCreatividad | ||
| 650 |
_aProceso creativo _931089 |
||
| 650 | _aInnovaciones tecnológicas | ||
| 650 |
_aDiseño _xMetodología |
||
| 650 | _aPensamiento creativo | ||
| 942 |
_2lcc _cB _n1 |
||
| 999 |
_c19973 _d19973 |
||